The devil's advocate : a spry polemic on how to be seriously good in court /

"[This] brings a fresh approach to the Dos and Don'ts of good advocacy. Written with humour in a conversational style, this work takes you through the practical application of advocacy, step by step. This ... guide can be used in any adversarial courtroom, in any country, by advocates of u...

Descrizione completa

Salvato in:
Dettagli Bibliografici
Autore principale: Morley, Iain
Natura: Libro
Pubblicazione: London : Sweet & Maxwell/Thomson Reuters, c2015.
Edizione:3rd ed.
Soggetti:
Tags: Aggiungi Tag
Nessun Tag, puoi essere il primo ad aggiungerne!!

MARC

LEADER 00000cam a22000007i 4500
005 20250925130308.0
020 |a 9780414023222 (paperback)  |c TZS 64,000/= 
040 |a MCCL  |b eng.  |e AACR 2nd rev. ed. 
082 0 4 |a 347.41052 MOR 
100 1 |a Morley, Iain 
245 1 4 |a The devil's advocate :  |b a spry polemic on how to be seriously good in court /  |c Iain Morley. 
250 |a 3rd ed. 
260 |a London :  |b Sweet & Maxwell/Thomson Reuters,   |c c2015. 
300 |a xx, 443 p. :  |c 19 cm. 
505 |a This book Learning advocacy Truth Winning Tribunal psychology Persuasiveness Case preparation Addressing the Judge Legal writing Document management The opening speech Witnesses Questions Examination in chief (Sometimes called Direct -examination) Cross-examination Re-examination Improving questioning Experts Vulnerable witness The closing speech Bail & mitigation The Court of Appeal Advocacy in international criminal tribunals Improving advocacy On being led as Junior Counsel (sometimes called 'Co-Counsel') Bar ethos The overall advocate 
520 |a "[This] brings a fresh approach to the Dos and Don'ts of good advocacy. Written with humour in a conversational style, this work takes you through the practical application of advocacy, step by step. This ... guide can be used in any adversarial courtroom, in any country, by advocates of up to five years' experience ... New for this edition: vulnerable witnesses; experts; Bar ethos; bail applications; document management; being led; how to cross examine inconsistent statements"--Publisher's description 
546 |a eng. 
650 0 |a Learning advocacy  |z Great Britain. 
650 0 |a Practice of law  |z Great Britain. 
650 0 |a Examination of witnesses  |z Great Britain. 
700 |a Morley, Iain 
942 |c BK 
999 |c 11199  |d 11199